| 000 | 00673nam a2200205 a 4500 | ||
|---|---|---|---|
| 001 | 000000507 | ||
| 005 | 20240710114449.0 | ||
| 008 | 081117s2007 dr 000 p spa d | ||
| 040 |
_aDO-SdBNP _bspa _cBNPHU |
||
| 082 |
_aRD861.44 _bC352s |
||
| 100 | 1 |
_aCastillo Javier, Gerardo, _d1963- _91677 |
|
| 245 | 1 | 0 |
_aSalmos apócrifos / _cGerardo Castillo Javier. |
| 260 |
_aSanto Domingo : _bPerla, _c2007. |
||
| 300 |
_a37 p. ; _c15 cm. |
||
| 500 | _aIncluye datos biográficos del autor en la solapa de la cubierta | ||
| 590 | _aInventariado, 2018/BT | ||
| 650 | 0 |
_aPoesía dominicana _966 |
|
| 650 | 0 |
_aLiteratura dominicana. _967 |
|
| 910 | _aValidado. Control de calidad MOLINA | ||
| 999 |
_c505 _d505 |
||